书目信息 |
| 题名: |
转轨过程中金融深化的绩效与经济环境研究
|
|
| 作者: | 战明华 著 | |
| 分册: | ||
| 出版信息: | 北京 中国社会科学出版社 2005 |
|
| 页数: | 344页 | |
| 开本: | 21cm | |
| 丛书名: | ||
| 单 册: | ||
| 中图分类: | F832.1 | |
| 科图分类: | ||
| 主题词: | 金融体制--经济体制改革--研究--中国 | |
| 电子资源: | ||
| ISBN: | 7-5004-5305-1 | |
| 000 | 01359nam0 2200301 450 | |
| 000 | 01322nam0 2200289 450 | |
| 000 | 01292nam0 2200289 450 | |
| 000 | 01238nam0 2200265 450 | |
| 000 | 01256nam0 2200253 450 | |
| 000 | 01219nam0 2200241 45 | |
| 001 | TS2006042841 | |
| 005 | 20061217091159.60 | |
| 010 | @a7-5004-5305-1@dCNY26.00 | |
| 100 | @a20060829d2005 ekmy0chiy0120 ea | |
| 101 | 0 | @achi |
| 102 | @aCN@b110000 | |
| 105 | @ay z 000yy | |
| 200 | 1 | @a转轨过程中金融深化的绩效与经济环境研究@AZhuan Gui Guo Cheng Zhong Jin Rong Shen Hua De Ji Xiao Yu Jing Ji Huan Jing Yan Jiu@f战明华著@FZhan Ming Hua Zhu |
| 210 | @a北京@c中国社会科学出版社@d2005 | |
| 215 | @a344页@d21cm | |
| 330 | @a对发展中国家而言,研究如何通过金融深化实现推动经济增长的目的,在理论与实践上的重大意义是不言而喻的。中国20多年的金融改革的作用是巨大的,但改革远未结束且面临的形势更为复杂。本书通过对理论的总结与实证,对理论的检验来深入考察中国的金融深化实践,以期发现其特殊性与存在的问题,对如何有效地进一步实施我国的金融改革是至关重要的,这正是本文的研究意义之所在。 | |
| 606 | 0 | @a金融体制@x经济体制改革@x研究@y中国 |
| 690 | @aF832.1@v4 | |
| 701 | 0 | @a战明华@AZhan Ming Hua@4著 |
| 801 | 0 | @aCN@b中图数据@c20061217 |
| 905 | @a10447@dF832.1@e34 | |
| 转轨过程中金融深化的绩效与经济环境研究/战明华著.-北京:中国社会科学出版社,2005 |
| 344页;21cm |
| ISBN 7-5004-5305-1:CNY26.00 |
| 对发展中国家而言,研究如何通过金融深化实现推动经济增长的目的,在理论与实践上的重大意义是不言而喻的。中国20多年的金融改革的作用是巨大的,但改革远未结束且面临的形势更为复杂。本书通过对理论的总结与实证,对理论的检验来深入考察中国的金融深化实践,以期发现其特殊性与存在的问题,对如何有效地进一步实施我国的金融改革是至关重要的,这正是本文的研究意义之所在。 |
| ● |
| 相关链接 |
|
|
|
|
正题名:转轨过程中金融深化的绩效与经济环境研究
索取号:F832.1/34
 
预约/预借
| 序号 | 登录号 | 条形码 | 馆藏地/架位号 | 状态 | 备注 |
| 1 | 0603281 | 206032817 | 第一样本阅览室/ [索取号:F832.1/34] | 在馆 | |
| 2 | 0603282 | 206032826 | 第一借阅区/ [索取号:F832.1/34] | 在馆 | |
| 3 | 0603283 | 206032835 | 第一借阅区/ [索取号:F832.1/34] | 在馆 | |
| 4 | 0603284 | 206032844 | 第一借阅区/ [索取号:F832.1/34] | 在馆 | |
| 5 | 0603285 | 206032853 | 第一借阅区/ [索取号:F832.1/34] | 在馆 | |
| 6 | 0603286 | 206032862 | 第一借阅区/ [索取号:F832.1/34] | 在馆 |